Every British and Irish Lions Player - Statistics

General Stats
  • This quiz has been taken 69 times
    52 since last reset
  • The average score is 298 of 883
Answer Stats
Hint Answer % Correct
67 Alan Ayre-Smith
96%
365 Arthur Smith
96%
473 Barry John
96%
355 Doug Smith
96%
182 Dyne Smith
96%
862 Fin Smith
96%
221 Ian Smith
96%
21 John Smith
96%
395 Ken Smith
96%
855 Marcus Smith
96%
727 Ollie Smith
96%
201 Ronald Cove-Smith
96%
343 Roy John
96%
170 Stanley Smith
96%
600 | 632 Steve Smith
96%
138 | 668 Tom Smith
96%
232 James Farrell
93%
780 Owen Farrell
93%
672 Barry Williams
89%
369 Billy Williams
89%
353 Bleddyn Williams
89%
538 Brynmor Williams
89%
545 Clive Williams
89%
446 Denzil Williams
89%
571 Gareth Williams
89%
148 Gerald L. Williams
89%
319 Ivor Williams
89%
139 Jack Williams
89%
523 J. J. Williams
89%
140 | 384 Johnny Williams
89%
502 J. P. R. Williams
89%
833 Liam Williams
89%
712 Martyn Williams
89%
368 Rhys Williams
89%
15 Sam Williams
89%
728 Shane Williams
89%
187 Stanley Williams
89%
866 Tomos Williams
89%
755 Adam Jones
85%
761 Alun Wyn Jones
85%
341 Cliff Davies
85%
350 Dai Davies
85%
217 Doug Davies
85%
209 Douglas Marsden-Jones
85%
315 Elvet Jones
85%
552 | 850 Gareth Davies
85%
463 Gerald Davies
85%
227 Harold Davies
85%
274 Harold Jones
85%
878 Huw Jones
85%
257 Ivor Jones
85%
132 Jack Jones
85%
778 Jonathan Davies
85%
344 | 415 Ken Jones
85%
467 Keri Jones
85%
416 Kingsley Jones
85%
354 Lewis Jones
85%
498 Mervyn Davies
85%
357 Phil Davies
85%
608 Robert Jones
85%
748 Ryan Jones
85%
581 Staff Jones
85%
745 Stephen Jones
85%
399 Terry Davies
85%
275 Tommy Jones-Davies
85%
150 Tuan Jones
85%
842 Wyn Jones
85%
883 Ben White
81%
621 Derek White
81%
750 Jason White
81%
733 Julian White
81%
658 Martin Johnson
81%
674 Neil Back
81%
214 Arthur Young
78%
622 Dai Young
78%
835 Finn Russell
78%
736 Gethin Jenkins
78%
471 Jeff Young
78%
791 Johnny Sexton
78%
397 John Young
78%
825 Maro Itoje
78%
665 Neil Jenkins
78%
130 Reggie Gibbs
78%
457 Roger Young
78%
651 Scott Gibbs
78%
304 Vivian Jenkins
78%
697 Brian O'Driscoll
74%
363 Cliff Morgan
74%
544 Dougie Morgan
74%
318 Eddie Morgan
74%
135 Edgar Morgan
74%
317 George Morgan
74%
396 Gordon Wood
74%
272 Harry Wilkinson
74%
392 Haydn Morgan
74%
861 Jac Morgan
74%
563 John O'Driscoll
74%
714 Jonny Wilkinson
74%
671 Keith Wood
74%
190 Ken Wood
74%
661 Lawrence Dallaglio
74%
556 Peter Morgan
74%
800 Sam Warburton
74%
114 Teddy Morgan
74%
853 Tom Curry
74%
151 William Morgan
74%
366 Alun Thomas
70%
631 Andy Robinson
70%
57 Charles Robinson
70%
78 Charles Thompson
70%
386 Clem Thomas
70%
790 Conor Murray
70%
454 Delme Thomas
70%
773 Euan Murray
70%
438 Frank Laidlaw
70%
747 Gareth Thomas
70%
71 George Ralph Gibson
70%
810 Greig Laidlaw
70%
72 Hugh Gray
70%
881 Hugo Keenan
70%
757 Jamie Roberts
70%
879 Jamison Gibson-Park
70%
711 Jason Robinson
70%
628 Jeremy Guscott
70%
349 John Robins
70%
845 Jonny Hill
70%
152 Len Thomas
70%
723 Lewis Moody
70%
339 Malcolm Thomas
70%
460 Mike Gibson
70%
501 Mike Roberts
70%
660 Nick Beal
70%
267 Paul Murray
70%
663 Richard Hill
70%
781 Richie Gray
70%
37 Robert Thompson
70%
367 Robin Thompson
70%
583 Roy Laidlaw
70%
375 Russell Robins
70%
709 Scott Murray
70%
732 Steve Thompson
70%
779 Taulupe Faletau
70%
89 Thomas Gibson
70%
337 Vic Roberts
70%
14 Willie Thomas
70%
843 Ali Price
67%
441 Brian Price
67%
837 Bundee Aki
67%
789 Cian Healy
67%
512 Clive Rees
67%
547 Elgan Rees
67%
465 Gareth Edwards
67%
486 Gordon Brown
67%
535 Graham Price
67%
435 John Brown
67%
405 Malcolm Price
67%
756 Matthew Rees
67%
109 Reg Edwards
67%
153 Robert Green
67%
461 Terry Price
67%
565 Alan Phillips
63%
684 Alan Tait
63%
816 Anthony Watson
63%
799 Ben Youngs
63%
342 Bob Evans
63%
708 Dafydd James
63%
794 Dan Cole
63%
566 David Richards
63%
630 Dean Richards
63%
670 Doddie Weir
63%
822 Elliot Daly
63%
859 Ellis Genge
63%
541 Gareth Evans
63%
606 Gavin Hastings
63%
505 | 517 Geoff Evans
63%
578 Gwyn Evans
63%
847 Hamish Watson
63%
808 Iain Henderson
63%
795 Ian Evans
63%
616 Ieuan Evans
63%
819 Jamie George
63%
874 Josh van der Flier
63%
787 Mako Vunipola
63%
468 Maurice Richards
63%
726 Michael Owen
63%
762 Mike Phillips
63%
351 Noel Henderson
63%
228 Robert Henderson
63%
704 Rob Henderson
63%
400 Roddy Evans
63%
610 Rory Underwood
63%
772 Ross Ford
63%
617 Scott Hastings
63%
783 Stuart Hogg
63%
818 Tadhg Furlong
63%
195 Tom Richards
63%
788 Tom Youngs
63%
655 Tony Underwood
63%
530 Trefor Evans
63%
844 Chris Harris
59%
873 Dan Sheehan
59%
236 Douglas Law
59%
792 George North
59%
865 Henry Pollock
59%
644 Jason Leonard
59%
358 Jim Greenwood
59%
851 Luke Cowan-Dickie
59%
685 Matt Dawson
59%
701 Phil Vickery
59%
634 Rob Andrew
59%
698 Ronan O'Gara
59%
388 Ronnie Dawson
59%
203 Stan Harris
59%
752 Tommy Bowe
59%
508 Tommy David
59%
650 Will Carling
59%
662 Will Greenwood
59%
433 Willie John McBride
59%
848 Zander Fagerson
59%
485 Alastair Biggar
56%
439 Allan Lewis
56%
550 Alun Lewis
56%
876 Andrew Porter
56%
500 Arthur Lewis
56%
641 Ben Clarke
56%
731 Ben Kay
56%
213 Bill Wallace
56%
579 Ciaran Fitzgerald
56%
821 Dan Biggar
56%
696 Darren Morris
56%
716 David Wallace
56%
493 Derek Quinnell
56%
605 Des Fitzgerald
56%
653 Dewi Morris
56%
373 Haydn Morris
56%
870 James Lowe
56%
880 James Ryan
56%
98 James Wallace
56%
99 Joseph Wallace
56%
775 Leigh Halfpenny
56%
774 Luke Fitzgerald
56%
738 Paul O'Connell
56%
686 Paul Wallace
56%
656 Richard Wallace
56%
766 Rob Kearney
56%
425 Ronnie Cowan
56%
793 Rory Best
56%
666 Scott Quinnell
56%
667 Simon Shaw
56%
858 Tommy Freeman
56%
287 Wilson Shaw
56%
777 Alex Cuthbert
52%
860 Alex Mitchell
52%
857 Ben Earl
52%
805 Billy Twelvetrees
52%
618 Brian Moore
52%
841 Duhan van der Merwe
52%
681 Graham Rowntree
52%
811 Joe Marler
52%
814 Kyle Sinckler
52%
688 Mike Catt
52%
588 Peter Winterbottom
52%
683 Rob Wainwright
52%
864 Rónan Kelleher
52%
838 Tadhg Beirne
52%
34 William Grant Mitchell
52%
340 Angus Black
48%
17 Angus Stuart
48%
115 Arthur O'Brien
48%
469 Bob Taylor
48%
254 Brian Black
48%
483 Bryan West
48%
569 Clive Woodward
48%
706 Colin Charvis
48%
826 Courtney Lawes
48%
725 Donncha O'Callaghan
48%
717 Dorian West
48%
739 Dwayne Peel
48%
241 Edward Taylor
48%
679 Eric Miller
48%
735 Gavin Henson
48%
88 Ian Davidson
48%
509 Ian McGeechan
48%
673 Jeremy Davidson
48%
476 John Taylor
48%
829 Ken Owens
48%
797 Manu Tuilagi
48%
700 Mark Taylor
48%
570 Ollie Campbell
48%
374 Pat Quinn
48%
624 Paul Ackford
48%
832 Peter O'Mahony
48%
412 Phil Horrocks-Taylor
48%
553 Ray Gravell
48%
824 Robbie Henshaw
48%
309 Russell Taylor
48%
796 Seán O'Brien
48%
702 Simon Taylor
48%
764 Tom Croft
48%
767 Ugo Monye
48%
604 Wade Dooley
48%
877 Will Stuart
48%
693 Ben Cohen
44%
548 Bill Beaumont
44%
882 Blair Kinghorn
44%
531 Bruce Hay
44%
694 Danny Grewcock
44%
619 David Sole
44%
370 Dyson Wilson
44%
856 Finlay Bealham
44%
516 Fran Cotton
44%
669 Gregor Townsend
44%
244 Guy Wilson
44%
168 Horace Ward
44%
827 Jack McGrath
44%
871 Joe McCarthy
44%
758 Joe Worsley
44%
676 John Bentley
44%
786 Justin Tipuric
44%
680 Mark Regan
44%
707 Martin Corry
44%
620 Mike Teague
44%
654 Nick Popplewell
44%
875 Ollie Chessum
44%
506 Phil Bennett
44%
868 Pierre Schoeman
44%
782 Richard Hibbard
44%
664 Rob Howley
44%
456 Stewart Wilson
44%
573 Tony Ward
44%
543 Allan Martin
41%
742 Andrew Sheridan
41%
518 Andy Irvine
41%
585 Bob Norster
41%
629 Chris Oti
41%
636 Damian Cronin
41%
489 David Duckham
41%
598 Donal Lenihan
41%
613 Finlay Calder
41%
50 Fred Byrne
41%
872 Garry Ringrose
41%
643 Ian Hunter
41%
760 Jamie Heaslip
41%
591 Jim Calder
41%
809 Jonathan Joseph
41%
836 Josh Adams
41%
737 Josh Lewsey
41%
754 Keith Earls
41%
753 Lee Byrne
41%
846 Louis Rees-Zammit
41%
561 Maurice Colclough
41%
633 Mike Hall
41%
677 Paul Greyson
41%
430 | 647 Peter Wright
41%
427 Raymond Hunter
41%
718 Shane Byrne
41%
746 Simon Easterby
41%
687 Tim Rodber
41%
801 Alex Corbisiero
37%
513 Andy Ripley
37%
678 Austin Healey
37%
815 Ben Te'o
37%
411 Bill Patterson
37%
120 Charlie Patterson
37%
831 CJ Stander
37%
564 Colin Patterson
37%
784 Dan Lydiate
37%
494 Fergus Slattery
37%
385 Gareth Griffiths
37%
798 Geoff Parling
37%
720 Gordon D'Arcy
37%
770 Harry Ellis
37%
839 Jack Conan
37%
199 Jim Webb
37%
487 John Dawes
37%
867 Mack Hansen
37%
710 Matt Perry
37%
741 Matt Stevens
37%
627 Mike Griffiths
37%
820 Rhys Webb
37%
519 Richard Milliken
37%
759 Riki Flutey
37%
840 Rory Sutherland
37%
812 Ross Moriarty
37%
145 Rowland Griffiths
37%
785 Sean Maitland
37%
730 Shane Horgan
37%
863 Sione Tuipulotu
37%
504 Stack Stevens
37%
554 Terry Holmes
37%
692 Tony Stanger
37%
715 Tyrone Howe
37%
218 Vince Griffiths
37%
181 William Robertson
37%
852 Adam Beard
33%
675 Allan Bateman
33%
515 Bobby Windsor
33%
623 Craig Chalmers
33%
371 Dickie Jeeps
33%
626 Gareth Chilcott
33%
625 Gary Armstrong
33%
724 Geordan Murphy
33%
703 Iain Balshaw
33%
584 Iain Milne
33%
823 James Haskell
33%
546 Jeff Squire
33%
332 Jim McCarthy
33%
551 John Beattie
33%
603 John Devereux
33%
721 John Hayes
33%
607 John Jeffrey
33%
652 Kenny Milne
33%
691 Kyran Bracken
33%
763 Lee Mears
33%
734 Mark Cueto
33%
751 Mike Blair
33%
525 Mike Burton
33%
582 Mike Kiernan
33%
532 Nigel Horton
33%
404 Noel Murphy
33%
575 Paul Dodge
33%
537 Peter Wheeler
33%
428 Tom Kiernan
33%
740 Tom Shanklin
33%
466 Tony Horton
33%
659 Andy Nicol
30%
771 Andy Powell
30%
645 Andy Reed
30%
609 Brendan Mullin
30%
420 Budge Rogers
30%
743 Charlie Hodgson
30%
806 Christian Wade
30%
36 Clement Pearson Simpson
30%
452 David Powell
30%
455 David Watkins
30%
580 Dusty Hare
30%
146 Fred Jackson
30%
817 George Kruis
30%
828 Jack Nowell
30%
639 Jeff Probyn
30%
496 | 540 John Bevan
30%
265 John Hodgson
30%
474 John Pullin
30%
854 Josh Navidi
30%
333 Karl Mullen
30%
649 Martin Bayfield
30%
557 Mike Slemen
30%
533 Moss Keane
30%
689 Nigel Redman
30%
390 Peter Jackson
30%
590 Roger Baird
30%
125 Ron Rogers
30%
106 Sid Bevan
30%
803 Simon Zebo
30%
414 Stan Hodgson
30%
640 Stuart Barnes
30%
445 Stuart Watkins
30%
529 Terry Cobner
30%
813 Tommy Seymour
30%
44 Walter Jesse Jackson
30%
231 Arthur Allen
26%
749 Brent Cockbain
26%
238 Charles Payne
26%
549 Charlie Faulkner
26%
490 Chico Hopkins
26%
695 Dan Luger
26%
592 David Irwin
26%
722 Denis Hickie
26%
442 Don Rutherford
26%
100 Edward Walker
26%
595 Iain Paxton
26%
769 James Hook
26%
830 Jared Payne
26%
558 Jim Renwick
26%
560 John Carleton
26%
587 John Rutherford
26%
448 Ken Kennedy
26%
596 Nick Jeavons
26%
614 Paul Dean
26%
488 Peter Dixon
26%
522 Roger Uttley
26%
311 Sam Walker
26%
869 Scott Cummings
26%
776 Tim Payne
26%
511 Tony Neary
26%
211 Andrew Ross
22%
300 Bill Clement
22%
503 Chris Rea
22%
269 Dai Parker
22%
719 Gareth Cooper
22%
713 Gordon Bulloch
22%
331 Jack Matthews
22%
443 Jim Telfer
22%
574 John Robbie
22%
765 Nathan Hines
22%
536 Peter Squires
22%
638 Phillip Matthews
22%
576 Rob Ackerman
22%
507 Roy Bergiers
22%
497 Sandy Carmichael
22%
589 Steve Bainbridge
22%
682 Tim Stimpson
22%
807 Tom Court
22%
635 Tony Clement
22%
690 Tony Diprose
22%
514 William Steele
22%
520 Alan Old
19%
95 Bill Scott
19%
804 Brad Barritt
19%
729 Chris Cusiter
19%
594 Colin Deans
19%
447 Derrick Grant
19%
91 Edward Harrison
19%
572 Ian Stephens
19%
346 Jack Kyle
19%
642 Mick Galwey
19%
597 Nigel Melville
19%
559 Phil Blakeway
19%
338 Rees Stephens
19%
352 Rex Willis
19%
646 Richard Webster
19%
247 Robert Kelly
19%
185 Robert Stevenson
19%
158 Robin Harrison
19%
705 Robin McBryde
19%
802 Ryan Grant
19%
849 Sam Simmonds
19%
768 Stephen Ferris
19%
577 Steve Boyle
19%
380 Tom Elliot
19%
360 Trevor Lloyd
19%
586 Trevor Ringland
19%
279 Vesey Boyle
19%
539 Willie Duggan
19%
113 Willie Llewellyn
19%
834 Allan Dell
15%
744 Andy Titterrell
15%
229 Bill Cunningham
15%
477 Bob Hiller
15%
378 Doug Baker
15%
601 Eddie Butler
15%
65 George Lee
15%
599 Gerry McLoughlin
15%
143 Herbert Archer
15%
372 Hugh McLeod
15%
492 Ian McLauchlan
15%
356 Jeff Butterfield
15%
612 Malcolm Dacey
15%
699 Malcolm O'Kelly
15%
174 Mel Baker
15%
464 Mick Doyle
15%
329 Mick Lane
15%
602 Nigel Carr
15%
307 Paddy Mayne
15%
534 Philip Orr
15%
451 Ray McLoughlin
15%
422 Richard Sharp
15%
542 Steve Fenwick
15%
555 Stuart Lane
15%
47 Sydney Pyman Bell
15%
383 Tom Reid
15%
382 Tony O'Reilly
15%
657 Vince Cunningham
15%
567 Alan Tomes
11%
314 Bill Howard
11%
521 Chris Ralston
11%
157 Edward Fuller
11%
268 Henry O'Hara O'Neill
11%
335 Ivor Preece
11%
431 John Douglas
11%
495 John Spencer
11%
93 Mark Morrison
11%
413 Mike Campbell-Lamerton
11%
648 Paul Burnell
11%
330 Ranald Macdonald
11%
54 Robert Johnston
11%
2 Tom Banks
11%
527 Alan Morley
7%
163 Alex Palmer
7%
379 Angus Cameron
7%
16 Arthur Paul
7%
324 Basil Nicholson
7%
361 Bryn Meredith
7%
362 Courtney Meredith
7%
421 David Rollo
7%
434 Dewi Bebb
7%
84 Elliot Nicholson
7%
80 George Cookson
7%
76 Gwyn Nicholls
7%
323 Haydn Tanner
7%
171 Henry Fraser
7%
593 Hugo MacNeill
7%
261 Jack Morley
7%
611 Jeff Whitefoot
7%
444 Jerry Walsh
7%
90 Jimmy Gillespie
7%
426 John Dee
7%
394 Ken Scotland
7%
273 Mike Dunne
7%
196 Noel Humphreys
7%
615 Peter Dods
7%
104 Robbie Smyth
7%
562 Rodney O'Donnell
7%
449 Ronnie Lamont
7%
402 Syd Millar
7%
39 Thomas Sherren Whittaker
7%
524 Tom Grace
7%
183 Tommy Smyth
7%
169 William Fraser
7%
264 Willie Welsh
7%
191 Alexander Foster
4%
13 Andrew Stoddart
4%
410 Andy Mulligan
4%
418 Anthony O'Connor
4%
111 Arthur Harding
4%
459 Barry Bresnihan
4%
393 Bev Risman
4%
32 Bill Maclagan
4%
347 Bill McKay
4%
403 Bill Mulcahy
4%
291 Bill Weston
4%
230 Carl Aarvold
4%
364 Cecil Pedlow
4%
320 Charles Grieve
4%
66 Charlie Adamson
4%
568 Colm Tucker
4%
64 Cuth Mullins
4%
202 Dan Drysdale
4%
528 David Burcher
4%
389 David Hewitt
4%
391 David Marques
4%
123 Denys Dobson
4%
258 Douglas Kendrew
4%
276 Doug Prentice
4%
306 Duncan Macrae
4%
188 Frank Handford
4%
255 Gordon Bonner
4%
484 Gordon Connell
4%
409 Gordon Waddell
4%
256 Harry Bowcott
4%
5 Harry Eagles
4%
173 Henry Whitehead
4%
20 Herbert Brooks
4%
212 Herbert Waddell
4%
42 Howard Marshall
4%
277 Jack Bassett
4%
128 James Davey
4%
308 Jeff Reynolds
4%
271 Jim Reeve
4%
470 Jock Turner
4%
293 Jock Waters
4%
126 John Fisher
4%
295 John Moll
4%
10 Johnny Nolan
4%
482 Ken Goodall
4%
167 Martin Tweed
4%
223 Michael Bradley
4%
408 Mick English
4%
462 Mike Coulman
4%
499 Mike Hipwell
4%
423 Mike Weston
4%
398 Niall Brophy
4%
224 Norman Brand
4%
107 Percy Bush
4%
141 Percy Down
4%
284 Peter Hobbs
4%
478 Peter Larter
4%
475 Peter Stagg
4%
359 Reg Higgins
4%
110 Rhys Gabe
4%
299 Robert Alexander
4%
129 Robert Dibble
4%
33 Robert MacMillan
4%
11 Robert Seddon
4%
172 Robert Waddell
4%
376 Robin Roe
4%
219 Rowe Harding
4%
266 Roy Jennings
4%
207 Roy Kinnear
4%
305 Roy Leyland
4%
260 Sam Martindale
4%
437 Sandy Hinshelwood
4%
526 Stewart McKinney
4%
259 Tom Knowles
4%
122 Tommy Vile
4%
240 Wilf Sobey
4%
62 William Mortimer
4%
79 Alec Timms
0%
296 Alexander Obolensky
0%
59 Alexander Todd
0%
8 Alex Laing
0%
69 Alf Bucher
0%
92 Alfred Hind
0%
97 Alfred Tedford
0%
419 Alun Pask
0%
52 Andrew Clinch
0%
159 Anthony Henniker-Gotley
0%
19 A. P. Penketh
0%
234 Arthur Hamilton-Smythe
0%
177 Arthur McClinton
0%
61 Arthur Meares
0%
322 Arthur Purchas
0%
35 Arthur Rotherham
0%
46 Aubone Surtees
0%
155 Barrie Bennetts
0%
321 Beef Dancer
0%
283 Bernard Gadney
0%
432 Bert Godwin
0%
45 Bertwine Roscoe
0%
326 Billy Cleaver
0%
479 Billy Raybould
0%
85 Blair Swannell
0%
4 Bob Burnet
0%
303 Bob Graves
0%
206 Bob Howie
0%
310 Bunner Travers
0%
127 Burnett Massey
0%
48 Cecil Boyd
0%
278 Charles Beamish
0%
179 Charles Pillman
0%
193 Charles Timms
0%
9 Charlie Mathers
0%
117 Chris Stanger-Leathes
0%
450 Colin McFadyean
0%
86 David Bedell-Sivright
0%
637 David Egerton
0%
249 David MacMyn
0%
22 David Macswaine
0%
417 David Nash
0%
118 David Trail
0%
24 Deacon Wadsworth
0%
286 Denis Pratten
0%
251 Donald Troup
0%
328 Don Hayward
0%
41 Edward Bromet
0%
194 Edward Crean
0%
43 Edwin Mayfield
0%
252 Eric Coley
0%
198 Eric Milroy
0%
160 Ernest Somers Holmwood
0%
235 Ernie Hammett
0%
381 Ernie Michie
0%
74 Esmond Martelli
0%
112 Frank Hulme
0%
77 Frank Stout
0%
377 Frank Sykes
0%
200 Freddie Blakiston
0%
68 Frederick Belson
0%
144 Frederick Chapman
0%
285 Fred Huskisson
0%
124 Fred Jowett
0%
31 Froude Hancock
0%
458 Gareth Prothero
0%
253 George Beamish
0%
313 George Cromey
0%
294 George Hancock
0%
175 George Isherwood
0%
237 George McIlwaine
0%
348 George Norton
0%
133 Gerald Kyrke
0%
70 Gerry Doran
0%
87 Gilbert Collett
0%
436 Glyn Davidge
0%
336 Gordon Rimmer
0%
325 Grahame Budge
0%
245 Granville Coghlan
0%
82 Guy Evers
0%
149 Guy Hind
0%
162 Harold Monks
0%
290 Harold Uren
0%
176 Harry Jarman
0%
316 Harry McKibbin
0%
12 Harry Speakman
0%
263 Henry Rew
0%
147 Henry Vassall
0%
134 Herbert Laxon
0%
226 Herbert Whitley
0%
440 Howard Norris
0%
270 Howard Poole
0%
1 Jack Anderton
0%
25 Jack Clowes
0%
184 Jack Spoors
0%
243 Jack Wallens
0%
215 James Bordass
0%
56 James Magee
0%
216 Jammie Clinch
0%
105 J. C. Hosack
0%
210 Jim McVicker
0%
302 Jimmy Giles
0%
334 Jimmy Nelson
0%
58 Jim Sealy
0%
289 Jim Unwin
0%
292 John A'Bear
0%
154 John Ashby
0%
280 John Brett
0%
142 John Dyke
0%
401 John Faull
0%
81 John Francomb
0%
29 John Harding Gould
0%
131 John Jackett
0%
510 John Moloney
0%
30 Johnny Hammond
0%
481 John O'Shea
0%
164 John Raphael
0%
137 John Ritson
0%
121 John Sharland
0%
288 John Tallent
0%
424 John Willcox
0%
248 Jules Malfroy
0%
480 Keith Jarrett
0%
429 Keith Rowlands
0%
453 Keith Savage
0%
204 Kelvin Hendrie
0%
301 Laurie Duff
0%
49 Lawrence Bulger
0%
103 Louis Greig
0%
60 Louis Magee
0%
63 Matthew Mullineux
0%
178 Maurice Neale
0%
387 Ned Ashcroft
0%
208 Neil MacPherson
0%
180 Oliver Piper
0%
55 Osbert Mackie
0%
281 Owen Chadwick
0%
102 Pat Hancock
0%
119 Pat McEvedy
0%
28 Paul Clauss
0%
156 Percy Diggle
0%
246 Peter Douty
0%
298 Peter Hordern
0%
345 Peter Kininmonth
0%
166 Peter Strang
0%
186 Phil Waller
0%
282 Pop Dunkley
0%
26 Randolph Aston
0%
406 Ray Prosser
0%
225 Reg Maxwell
0%
189 Reg Plummer
0%
96 Reg Skrimshire
0%
94 Robert Neill
0%
297 Robin Prescott
0%
472 Rodger Arneil
0%
250 Roger Spong
0%
242 Roger Wakefield
0%
491 Sean Lynch
0%
407 Stan Coughtrie
0%
312 Stanley Couchman
0%
116 Stuart Saunders
0%
108 Sydney Crowther
0%
239 Theodore Pike
0%
23 Thomas Bryce
0%
53 Thomas Crean
0%
233 Thomas Gubb
0%
327 Tom Clifford
0%
205 Tom Holliday
0%
7 Tom Kent
0%
75 Tom McGown
0%
6 Tommy Haslam
0%
222 Tom Voyce
0%
262 Tony Novis
0%
73 Wallace Jarman
0%
3 Walter Bumby
0%
51 Walter Carey
0%
161 Walter Huntingford
0%
165 Whalley Stranach
0%
197 William Ashby
0%
27 William Bromet
0%
101 William Cave
0%
38 William Henry Thorman
0%
83 William Judkins
0%
136 William Oldham
0%
220 William Roche
0%
192 William Tyrell
0%
40 William Wotherspoon
0%
18 Willie Burnet
0%
No matching quizzes found
Score Distribution
Percent of People with Each Score
Percentile by Number Answered
Your Score History
You have not taken this quiz since the last reset